Educación y cultura indomexicanas desde el ángulo de la prensa escrita : derechos, inequidades y proyecto intercultural.

Uloženo v:
Podrobná bibliografie
Hlavní autor: Muñoz Cruz, Héctor (autor)
Médium: Seriál
Jazyk:španělština
Témata:
On-line přístup:Ver documento en línea
Tagy: Přidat tag
Žádné tagy, Buďte první, kdo vytvoří štítek k tomuto záznamu!

MARC

LEADER 00000nas^a2200000^u^4500
001 000528314
005 20260415000000.0
008 131113c^^^^9999^^^^r1^^^^^^^^0^^^^0eng^d
009 20260415194934.877
035 |a FCE 000072560 
037 |a Acervo ITESO - Biblioteca 
041 |a ESP 
095 |a ANUARIO EDUCATIVO MEXICANO (PDF)  |b 2002 
100 |a Muñoz Cruz, Héctor  |e (autor) 
245 1 0 |a Educación y cultura indomexicanas desde el ángulo de la prensa escrita :  |b derechos, inequidades y proyecto intercultural. 
264 |a México :  |b Universidad Pedagógica Nacional,  |c 2002. 
336 |a texto  |b txt  |2 rdacontenido 
337 |a sin mediación  |b n  |2 rdamedio 
338 |a volumen  |b nc  |2 rdasoporte 
649 |a XX 
650 |a Educación y cultura 
650 |a Educación indígena 
650 |a Migración 
650 |a Educación intercultural 
650 |a Programa Nacional de Desarrollo (PND) 
650 |a México 
740 |g 2002, pp. 1-19  |t Anuario Educativo Mexicano, 
856 4 0 |u https://anuario.upn.mx/index.php/anuarios-y-total-de-ensayos-publicados-/category/3-2002.html  |y Ver documento en línea 
910 |a Fondo Centro de Estudios Educativos 
920 |a Impresos - Libros 
930 |a Fondos Especiales 
905 |a 133 
902 |a https://opac.biblio.iteso.mx/vufind/Record/000528314